| 000 | 00500cam a2200181 4500 | ||
|---|---|---|---|
| 001 | D10319 | ||
| 008 | 090401t1977 xxu||||| |||| 00| 0 eng d | ||
| 035 | _a(Sirsi) u94690 | ||
| 041 | _aeng | ||
| 050 | _a692.5 | ||
| 100 | _aBurberry, P.J. | ||
| 245 | _aTotal cost concept of estimating - changing economic criteria | ||
| 260 | _c1977 | ||
| 350 | _a0 | ||
| 520 | _aIn: RICS. "Land resources: development and ownership". annual conference...1977 1977/30 AB | ||
| 942 | _n0 | ||
| 948 | _c04/03/1997 | ||
| 999 |
_c98129 _d98129 |
||